Random Countries by a Single Word - Statistics

General Stats
  • This quiz has been taken 72 times
  • The average score is 14 of 21
Answer Stats
Word Country % Correct
Napoleon France
100%
Chernobyl Ukraine
96%
Castro Cuba
95%
Pope Vatican City
94%
Siberia Russia
93%
Genghis Mongolia
92%
Zulu South Africa
92%
Transylvania Romania
90%
Shakira Colombia
88%
Samsung South Korea
87%
Fuji Japan
85%
Fjord Norway
85%
Sphinx Egypt
83%
Everest Nepal
83%
Burj United Arab Emirates
81%
Lemur Madagascar
79%
Pirates Somalia
79%
Amazon Brazil
76%
Yucatan Mexico
75%
Reggae Jamaica
74%
Gaddafi Libya
74%
Canal Panama
74%
Poutine Canada
73%
Qantas Australia
71%
Fez Morocco
71%
Carthage Tunisia
71%
Evita Argentina
70%
Maori New Zealand
69%
Rihanna Barbados
68%
Galápagos Ecuador
68%
Juventus Italy
68%
Cantons Switzerland
68%
Magyar Hungary
65%
Rhodesia Zimbabwe
65%
Zanzibar Tanzania
64%
Farsi Iran
62%
Kibbutz Israel
62%
F1 Monaco
62%
Atacama Chile
61%
Krakatoa Indonesia
56%
Cusco Peru
54%
Drachma Greece
50%
Nubia Sudan
50%
Pinoy Philippines
46%
Kalahari Botswana
42%
Kielbasa Poland
41%
Selassie Ethiopia
40%
Juche North Korea
28%
Socotra Yemen
26%
Phosphate Nauru
22%
Blackbeard Bahamas
21%
Gilbert Kiribati
14%
Cinnamon Sri Lanka
12%
Rubber D.R. Congo
10%
Water Fiji
5%
No matching quizzes found
Score Distribution
Percent of People with Each Score
Percentile by Number Answered
Your Score History
You have not taken this quiz